000 00478nam a2200181Ia 4500
005 20250923150205.0
008 008 250917s9999 xx 000 0 eng d
037 _aTextual
040 _aDSWL
_beng
_cDSWL
041 _aeng
_2eng
084 _qDSWL
245 0 _aStreet childern and the aspect of life. 3V
_cEd.by P C Shukla
260 _aDelhi
_bIsha Books
_c2005
365 _aINR
_b2500 . 0
925 _g2500 . 0
942 _cTEXL
999 _c1460610
_d1460610